header

Between Christian and Jew (Record no. 32578)

MARC details
000 -LEADER
fixed length control field 01784nam a2200409 a 4500
082 04 - DEWEY DECIMAL CLASSIFICATION NUMBER
Classification number 305.892/40465509023
100 1# - MAIN ENTRY--AUTHOR NAME
Personal name Tartakoff, Paola.
245 10 - TITLE STATEMENT
Title Between Christian and Jew
250 ## - EDITION STATEMENT
Edition statement 1st ed.
260 ## - PUBLICATION, DISTRIBUTION, ETC. (IMPRINT)
Place of publication Philadelphia :
Name of publisher University of Pennsylvania Press,
Year of publication c2012.
300 ## - PHYSICAL DESCRIPTION
Number of Pages x, 209 p. :
Other physical details maps,.
490 1# - SERIES STATEMENT
Series statement The Middle Ages series
505 0# - FORMATTED CONTENTS NOTE
Formatted contents note pt. I. Before the tribunal -- pt. II. At the font of new life -- pt. III. By the fire.
650 #0 - SUBJECT ADDED ENTRY--TOPICAL TERM
Topical Term Jews
Topical Term Christian converts from Judaism
Topical Term Judaism
Topical Term Christianity and other religions
856 40 - ELECTRONIC LOCATION AND ACCESS
Uniform Resource Identifier http://site.ebrary.com/lib/rucke/Doc?id=10642198

No items available.

© 2026 Rongo University
Contact us: librarian | system librarian | Rongo university